[Event "Rated Blitz game"]
[Site "?"]
[Date "2021.10.04"]
[Round "?"]
[White "Chaos_Storm"]
[Black "ahoramahora"]
[Result "0-1"]
[WhiteElo "2416"]
[BlackElo "2387"]
[PlyCount "72"]
[EventDate "2021.??.??"]
[EventType "blitz"]

1. e4 e5 2. Nf3 d5 3. exd5 e4 4. Nd4 Qxd5 5. Nb3 Qe5 6. Nc3 Nf6 7. Be2 Bd6 8.
d4 exd3 9. Qxd3 O-O 10. Be3 Nc6 11. O-O-O Bf5 12. Qd2 Rad8 13. Qe1 Rfe8 14. h3
Ne4 15. g4 Nxc3 16. Qxc3 Qxc3 17. bxc3 Be4 18. Rhe1 Bg2 19. h4 Ne5 20. Nc5 b6
21. Nd3 Nf3 22. Bxf3 Bxf3 23. Rd2 Bxg4 24. Rg1 Bf5 25. Bd4 g6 26. h5 c5 27. Be3
c4 28. Nb2 b5 29. Bd4 Bf4 30. Be3 Bxe3 31. fxe3 Rxd2 32. Kxd2 Rd8+ 33. Ke2 Bxc2
34. hxg6 fxg6 35. a4 bxa4 36. Nxc4 Bd3+ {Normal} 0-1

[Event "Rated Blitz game"]
[Site "?"]
[Date "2021.10.04"]
[Round "?"]
[White "Azamat-Ulkhanov"]
[Black "khalid_ontawar"]
[Result "0-1"]
[WhiteElo "2469"]
[BlackElo "2466"]
[PlyCount "38"]
[EventDate "2021.??.??"]
[EventType "blitz"]

1. e4 e5 2. Nf3 d5 3. Nxe5 Qe7 4. d4 f6 5. Qh5+ g6 6. Nxg6 Qxe4+ 7. Be2 Qxg6 8.
Qxd5 h5 9. O-O Bd6 10. Bf3 Ne7 11. Re1 Nbc6 12. c4 Bg4 13. c5 O-O-O 14. Qe4 Bf5
15. Qh4 Bxb1 16. cxd6 Rxd6 17. Bf4 Rxd4 18. Raxb1 Kb8 19. Rxe7 Qxb1+ {Normal}
0-1

[Event "Rated Blitz game"]
[Site "?"]
[Date "2021.10.04"]
[Round "?"]
[White "jaci3"]
[Black "KinzyabulatovRenat"]
[Result "1-0"]
[WhiteElo "2486"]
[BlackElo "2458"]
[PlyCount "147"]
[EventDate "2021.??.??"]
[EventType "blitz"]

1. e4 e5 2. Nf3 d5 3. Nc3 d4 4. Ne2 Nd7 5. d3 c5 6. g3 Be7 7. Bg2 Ngf6 8. O-O
O-O 9. Bg5 Ne8 10. Bxe7 Qxe7 11. Nd2 Nd6 12. b3 b5 13. a4 Ba6 14. axb5 Bxb5 15.
f4 f6 16. Bh3 a5 17. Bxd7 Bxd7 18. fxe5 fxe5 19. Rxf8+ Qxf8 20. Qf1 a4 21.
Qxf8+ Kxf8 22. bxa4 Rxa4 23. Rxa4 Bxa4 24. c3 Bc2 25. cxd4 cxd4 26. Nc1 Ke7 27.
Kf2 Ke6 28. Ke2 h6 29. Ncb3 Bxb3 30. Nxb3 Nb7 31. Kf3 h5 32. g4 g6 33. gxh5
gxh5 34. Kg3 Kf6 35. Kh4 Kg6 36. Kg3 Kg5 37. h4+ Kf6 38. Kf3 Ke6 39. Ke2 Kd6
40. Kd2 Kc6 41. Kc2 Kb5 42. Nd2 Nc5 43. Nf3 Nd7 44. Nd2 Kb4 45. Nf1 Nf6 46. Nd2
Ng4 47. Nc4 Ka4 48. Nb6+ Kb5 49. Nd5 Ka4 50. Ne7 Kb5 51. Ng6 Kb4 52. Ne7 Ka4
53. Nf5 Kb4 54. Ng3 Nf6 55. Nf5 Ka4 56. Ng7 Kb4 57. Ne6 Kb5 58. Ng5 Ka4 59. Kb2
Kb4 60. Ne6 Ka4 61. Nc7 Kb4 62. Na6+ Kb5 63. Nc7+ Kc6 64. Ne6 Kb5 65. Kb3 Ng4
66. Ng5 Nf2 67. Kc2 Nxd3 68. Nf3 Nf4 69. Kd2 Kc4 70. Nxe5+ Kc5 71. Nf3 Kd6 72.
Ne1 Ke6 73. Nd3 Nxd3 74. Kxd3 {Time forfeit} 1-0

[Event "Rated Blitz game"]
[Site "?"]
[Date "2021.10.04"]
[Round "?"]
[White "tibu69"]
[Black "Annali-annaliew1979"]
[Result "1-0"]
[WhiteElo "2333"]
[BlackElo "2426"]
[PlyCount "119"]
[EventDate "2021.??.??"]
[EventType "blitz"]

1. e4 e5 2. Nf3 d5 3. exd5 e4 4. Qe2 f5 5. d3 Nf6 6. Nc3 Bb4 7. Bg5 Bxc3+ 8.
bxc3 O-O 9. dxe4 fxe4 10. Bxf6 Qxf6 11. Nd4 c5 12. Nb5 Nc6 13. dxc6 bxc6 14.
Qe3 cxb5 15. Bxb5 Ba6 16. Bxa6 Qxa6 17. Qe2 Qa5 18. O-O Qxc3 19. Qxe4 Rae8 20.
Qd5+ Kh8 21. Rac1 h6 22. Rfd1 c4 23. Qc5 Rf7 24. h3 Rfe7 25. a4 a5 26. Rd4 Re1+
27. Rxe1 Qxe1+ 28. Kh2 Qxf2 29. Qxc4 Rf8 30. Rg4 Qf6 31. Qd4 Qf7 32. c4 Qc7+
33. Rg3 Rd8 34. Qg4 Rd3 35. h4 Rc3 36. h5 Rxc4 37. Qg6 Rh4+ 38. Kg1 Qc1+ 39.
Kf2 Rf4+ 40. Rf3 Qc5+ 41. Kg3 Rxf3+ 42. gxf3 Qg1+ 43. Kf4 Qd4+ 44. Kg3 Qxa4 45.
Qf5 Qb4 46. Qc8+ Kh7 47. Qf5+ Kg8 48. Qc8+ Kf7 49. Qf5+ Ke7 50. Qe5+ Kf8 51.
Qf5+ Ke8 52. Qe5+ Qe7 53. Qxa5 Qd6+ 54. f4 Ke7 55. Kg4 Qe6+ 56. Qf5 Qe2+ 57.
Kg3 Qe6 58. Kg4 Kd6 59. Qxe6+ Kxe6 60. f5+ {Time forfeit} 1-0

[Event "Rated Blitz game"]
[Site "?"]
[Date "2021.10.04"]
[Round "?"]
[White "parviz-g"]
[Black "ahoramahora"]
[Result "1-0"]
[WhiteElo "2429"]
[BlackElo "2402"]
[PlyCount "47"]
[EventDate "2021.??.??"]
[EventType "blitz"]

1. e4 e5 2. Nf3 d5 3. Nc3 d4 4. Ne2 Bd6 5. Ng3 Nc6 6. Bc4 Nf6 7. d3 a6 8. O-O
Na5 9. Bb3 Nxb3 10. axb3 Be6 11. Ng5 Qe7 12. Kh1 h6 13. Nxe6 Qxe6 14. f4 exf4
15. Bxf4 Bxf4 16. Rxf4 O-O-O 17. Nf5 Rhg8 18. Qf3 h5 19. Nxg7 Rxg7 20. Rxf6 Qe7
21. Rf1 Rdg8 22. Rxf7 Rxf7 23. Qxf7 Qxf7 24. Rxf7 {Normal} 1-0

[Event "Rated Rapid game"]
[Site "?"]
[Date "2021.10.04"]
[Round "?"]
[White "Kantersieg"]
[Black "Generalluud"]
[Result "0-1"]
[WhiteElo "2416"]
[BlackElo "2297"]
[PlyCount "52"]
[EventDate "2021.??.??"]
[EventType "rapid"]

1. e4 e5 2. Nf3 d5 3. d3 dxe4 4. dxe4 Qxd1+ 5. Kxd1 Bg4 6. c3 Nc6 7. Kc2 O-O-O
8. Bb5 f6 9. Be3 a6 10. Ba4 Be6 11. Nbd2 Nge7 12. Rhd1 b5 13. Bb3 Bxb3+ 14.
Nxb3 Rxd1 15. Rxd1 Ng6 16. Nc5 Bxc5 17. Bxc5 Nf4 18. g3 Ne6 19. Be3 Rd8 20.
Rxd8+ Kxd8 21. Nh4 g6 22. Ng2 Na5 23. Ne1 Nc4 24. Bc1 c5 25. b3 Nd6 26. Be3
Nxe4 {Normal} 0-1

[Event "Rated Blitz game"]
[Site "?"]
[Date "2021.10.04"]
[Round "?"]
[White "juanchacon"]
[Black "rubengilmondelo64"]
[Result "1-0"]
[WhiteElo "2472"]
[BlackElo "2310"]
[PlyCount "33"]
[EventDate "2021.??.??"]
[EventType "blitz"]

1. e4 e5 2. Nf3 d5 3. exd5 e4 4. Qe2 Nf6 5. d3 Be7 6. dxe4 O-O 7. Nc3 Re8 8.
Bd2 Bb4 9. O-O-O Bxc3 10. Bxc3 Nxe4 11. Qc4 Nd7 12. Bd3 Nxf2 13. Bxh7+ Kxh7 14.
Qd4 Nf6 15. Qxf2 Bf5 16. Ng5+ Kg8 17. Qxf5 {Normal} 1-0

[Event "Rated Blitz game"]
[Site "?"]
[Date "2021.10.04"]
[Round "?"]
[White "templario77"]
[Black "ahoramahora"]
[Result "1-0"]
[WhiteElo "2558"]
[BlackElo "2412"]
[PlyCount "73"]
[EventDate "2021.??.??"]
[EventType "blitz"]

1. e4 e5 2. Nf3 d5 3. d4 dxe4 4. Nxe5 Nd7 5. Bf4 Nxe5 6. Bxe5 Nf6 7. Nc3 Bf5 8.
Bc4 Bd6 9. h3 O-O 10. Qe2 Re8 11. g4 Be6 12. O-O-O Bxc4 13. Qxc4 c6 14. Kb1 Rc8
15. Rhe1 h6 16. Bxf6 Qxf6 17. Nxe4 Qf4 18. Nxd6 Qxd6 19. Re2 b5 20. Qd3 Rxe2
21. Qxe2 Rd8 22. Rd3 Qh2 23. a3 Qh1+ 24. Ka2 Qd5+ 25. b3 a5 26. Qe5 Qxe5 27.
dxe5 Rxd3 28. cxd3 Kf8 29. f4 Ke7 30. f5 c5 31. Kb2 Kd7 32. Kc3 b4+ 33. axb4
cxb4+ 34. Kc4 Kc6 35. d4 Kb6 36. d5 Kc7 37. Kb5 {Normal} 1-0

[Event "Rated Blitz game"]
[Site "?"]
[Date "2021.10.04"]
[Round "?"]
[White "joflo"]
[Black "GoughPhar"]
[Result "1-0"]
[WhiteElo "2566"]
[BlackElo "2474"]
[PlyCount "111"]
[EventDate "2021.??.??"]
[EventType "blitz"]

1. e4 e5 2. Nf3 d5 3. d3 dxe4 4. dxe4 Qxd1+ 5. Kxd1 Bg4 6. Be2 Nc6 7. c3 Nf6 8.
Nfd2 O-O-O 9. f3 Be6 10. Kc2 h5 11. Bc4 Bxc4 12. Nxc4 h4 13. Be3 h3 14. g3 Nd7
15. b4 a6 16. a4 f6 17. Rd1 Be7 18. Nbd2 g6 19. b5 Ncb8 20. Nb3 f5 21. Ncd2 Nf6
22. Rf1 Nbd7 23. Rab1 Nb6 24. a5 Nbd7 25. bxa6 bxa6 26. exf5 gxf5 27. Nc4 Nd5
28. Nbd2 Nxe3+ 29. Nxe3 Bg5 30. f4 exf4 31. gxf4 Be7 32. Nxf5 Bf6 33. Ne4 Rde8
34. Nxf6 Nxf6 35. Nd4 Ng4 36. Rh1 Rhf8 37. Rbf1 Ne3+ 38. Kd3 Nxf1 39. Rxf1 Re5
40. f5 Rxa5 41. Rf3 Ra2 42. Rxh3 a5 43. Rf3 a4 44. h4 Rh2 45. Kc4 Rxh4 46. Kb4
c5+ 47. Kxc5 a3 48. c4 a2 49. Ra3 Kc7 50. Ne6+ Kd7 51. Nxf8+ Ke7 52. Ng6+ Kf6
53. Nxh4 Kg5 54. Rxa2 Kxh4 55. f6 Kg5 56. f7 {Normal} 1-0

[Event "Rated Blitz tournament AxYVPuNS"]
[Site "?"]
[Date "2021.10.04"]
[Round "?"]
[White "quilmes70"]
[Black "arrashii"]
[Result "1-0"]
[WhiteElo "2431"]
[BlackElo "2309"]
[PlyCount "27"]
[EventDate "2021.??.??"]
[EventType "blitz"]

1. e4 e5 2. Nf3 d5 3. Nc3 dxe4 4. Nxe4 f5 5. Nc3 e4 6. Ne5 Nf6 7. d3 Bb4 8. Bd2
Qd4 9. Nc4 Nc6 10. a3 Bc5 11. Be3 Qd6 12. Nxd6+ Bxd6 13. Nb5 f4 14. Nxd6+ {
Normal} 1-0

[Event "Rated Blitz game"]
[Site "?"]
[Date "2021.10.04"]
[Round "?"]
[White "adoptedkitten"]
[Black "Catalyst226"]
[Result "1-0"]
[WhiteElo "2438"]
[BlackElo "2306"]
[PlyCount "41"]
[EventDate "2021.??.??"]
[EventType "blitz"]

1. e4 e5 2. Nf3 d5 3. Nxe5 Qe7 4. d4 f6 5. Nf3 dxe4 6. Nfd2 Bf5 7. Nc3 c6 8.
Qe2 Nd7 9. Ndxe4 O-O-O 10. Bf4 Re8 11. f3 Bxe4 12. fxe4 g5 13. Bg3 h5 14. O-O-O
Qf7 15. Qf2 Bh6 16. Qf5 Ne7 17. Qa5 Nb6 18. Qxa7 h4 19. Bd6 Qe6 20. Qb8+ Kd7
21. Qc7# {Normal} 1-0

[Event "Rated Blitz tournament XknsGpvj"]
[Site "?"]
[Date "2021.10.04"]
[Round "?"]
[White "Pomberito"]
[Black "falejos"]
[Result "1-0"]
[WhiteElo "2491"]
[BlackElo "2276"]
[PlyCount "97"]
[EventDate "2021.??.??"]
[EventType "blitz"]

1. e4 e5 2. Nf3 d5 3. exd5 e4 4. Ne5 Qxd5 5. d4 exd3 6. Nxd3 Nf6 7. Nc3 Qf5 8.
Be2 Bd6 9. Bf3 O-O 10. O-O Nc6 11. Be3 Be6 12. a4 Rad8 13. Nb5 Be5 14. Qe2 Bc4
15. Rad1 a6 16. Nc3 Rfe8 17. Rfe1 Bxc3 18. bxc3 Ne5 19. Bxb7 Nxd3 20. cxd3 Bxd3
21. Qa2 Be4 22. Rxd8 Rxd8 23. Bxe4 Nxe4 24. Qb1 Nd6 25. Qxf5 Nxf5 26. Bf4 Kf8
27. Bxc7 Rc8 28. Ba5 f6 29. g3 Rc4 30. Bb4+ Kf7 31. a5 h5 32. Kg2 h4 33. Re2
hxg3 34. hxg3 g5 35. Rd2 Ke6 36. Rd8 Rc6 37. Kf3 Nh6 38. Ke4 f5+ 39. Kd4 Nf7
40. Re8+ Kf6 41. Kd5 Rc7 42. Re6+ Kg7 43. Rxa6 f4 44. gxf4 gxf4 45. Ke4 Nd8 46.
Kxf4 Nc6 47. Rb6 Ne7 48. Bxe7 Rxe7 49. a6 {Normal} 1-0

[Event "Rated Blitz game"]
[Site "?"]
[Date "2021.10.04"]
[Round "?"]
[White "canc3111"]
[Black "Annali-annaliew1979"]
[Result "0-1"]
[WhiteElo "2399"]
[BlackElo "2422"]
[PlyCount "93"]
[EventDate "2021.??.??"]
[EventType "blitz"]

1. e4 e5 2. Nf3 d5 3. Nxe5 Qe7 4. Nf3 dxe4 5. Nd4 f5 6. Nc3 Nf6 7. Bc4 Qc5 8.
Bb5+ c6 9. Nb3 Qe5 10. Be2 Bd6 11. d4 Qe7 12. Bg5 Be6 13. d5 cxd5 14. Nxd5 Bxd5
15. Bxf6 Qxf6 16. Qxd5 Nc6 17. O-O-O Rd8 18. Bb5 Bf4+ 19. Kb1 Rxd5 20. Rxd5 O-O
21. Bc4 Kh8 22. g3 Be5 23. c3 Rd8 24. Rhd1 Rxd5 25. Rxd5 g6 26. Nc5 Bxc3 27.
bxc3 Qxc3 28. Bb3 Qe1+ 29. Rd1 Qxf2 30. Ne6 a5 31. Rd7 Qb6 32. Nf8 Qg1+ 33. Kb2
Qf2+ 34. Kc1 Qg1+ 35. Kb2 Qxh2+ 36. Kb1 a4 37. Rxh7+ Qxh7 38. Nxh7 axb3 39. Nf8
bxa2+ 40. Kxa2 Kg7 41. Ne6+ Kf6 42. Nc5 Nd8 43. Kb3 Kg5 44. Kc4 Kg4 45. Kd4
Kxg3 46. Nxe4+ fxe4 47. Kxe4 {Normal} 0-1

[Event "Rated Blitz game"]
[Site "?"]
[Date "2021.10.04"]
[Round "?"]
[White "farbmates"]
[Black "ALYHuTANGx"]
[Result "1-0"]
[WhiteElo "2400"]
[BlackElo "2323"]
[PlyCount "107"]
[EventDate "2021.??.??"]
[EventType "blitz"]

1. e4 e5 2. Nf3 d5 3. exd5 e4 4. Qe2 Nf6 5. Nc3 Be7 6. Nxe4 O-O 7. d3 Qxd5 8.
Nxf6+ Bxf6 9. Qe4 Qa5+ 10. Bd2 Qb5 11. Qb4 Re8+ 12. Kd1 Qxb4 13. Bxb4 Bxb2 14.
Rb1 Bf6 15. d4 Nc6 16. c3 Bg4 17. Be2 Rad8 18. h3 Bf5 19. Rb2 Nxb4 20. Rxb4 c5
21. Ra4 a6 22. Re1 Be4 23. Kc1 Bc6 24. Ra3 cxd4 25. cxd4 Bxd4 26. Nxd4 Rxd4 27.
f3 Rd6 28. Rd1 Bd5 29. Rad3 Rc6+ 30. Kd2 Rxe2+ 31. Kxe2 Bc4 32. Ke3 Bxd3 33.
Rxd3 g6 34. Rb3 b5 35. Kd4 Rc2 36. Ra3 Rxg2 37. Rxa6 Rg3 38. Ke4 Rxh3 39. Rb6
Rh4+ 40. f4 g5 41. Rxb5 Rxf4+ 42. Ke3 Ra4 43. Rb2 f5 44. Rb5 Ra3+ 45. Kf2 Rxa2+
46. Kg3 f4+ 47. Kg4 Rg2+ 48. Kf3 Kg7 49. Kxg2 Kg6 50. Kf3 h5 51. Rc5 Kf6 52.
Rd5 Ke6 53. Rxg5 Kf6 54. Kxf4 {Time forfeit} 1-0

[Event "Rated Blitz game"]
[Site "?"]
[Date "2021.10.04"]
[Round "?"]
[White "SC_9ferzej"]
[Black "KamranShirazi"]
[Result "0-1"]
[WhiteElo "2461"]
[BlackElo "2588"]
[PlyCount "110"]
[EventDate "2021.??.??"]
[EventType "blitz"]

1. e4 e5 2. Nf3 d5 3. d3 Nc6 4. Nbd2 f5 5. c3 Nf6 6. Qc2 a5 7. Be2 Bc5 8. O-O
O-O 9. Nb3 Bb6 10. Bg5 h6 11. Bxf6 Rxf6 12. exd5 Qxd5 13. Nbd2 Kh8 14. Rad1
Qxa2 15. Nc4 e4 16. Ra1 Qxa1 17. Rxa1 exf3 18. Bxf3 Bc5 19. d4 Bb6 20. Bxc6
Rxc6 21. Ne5 Rf6 22. b4 f4 23. Ng6+ Kg8 24. Ne7+ Kh8 25. Nxc8 Rxc8 26. bxa5 Ba7
27. Qb3 Rb8 28. Re1 f3 29. g3 b6 30. a6 b5 31. Re3 b4 32. cxb4 Bxd4 33. Rxf3
Rxa6 34. Kg2 Rab6 35. Rf7 Rxb4 36. Qd3 Bf6 37. Rxf6 gxf6 38. Qg6 R8b6 39. Qxh6+
Kg8 40. Qg6+ Kf8 41. Qh6+ Kf7 42. Qh7+ Ke6 43. Qxc7 Rb2 44. h4 R6b5 45. Qc4+
Ke7 46. Qe4+ Kf7 47. Qh7+ Ke6 48. h5 Rf5 49. Qg8+ Ke7 50. h6 Rfxf2+ 51. Kh3
Rh2+ 52. Kg4 Rxh6 53. Qg7+ Ke6 54. Qxh6 Rb4+ 55. Qf4 Rc4 {Time forfeit} 0-1

[Event "Rated Blitz game"]
[Site "?"]
[Date "2021.10.04"]
[Round "?"]
[White "SC_9ferzej"]
[Black "KamranShirazi"]
[Result "0-1"]
[WhiteElo "2460"]
[BlackElo "2587"]
[PlyCount "29"]
[EventDate "2021.??.??"]
[EventType "blitz"]

1. e4 e5 2. Nf3 d5 3. d3 f5 4. Nbd2 Nc6 5. c3 Nf6 6. Qc2 Bc5 7. Be2 Bxf2+ 8.
Kxf2 Ng4+ 9. Kg1 fxe4 10. dxe4 Qe7 11. exd5 Qc5+ 12. Nd4 Nxd4 13. Qa4+ Nb5+ 14.
Qd4 Nxd4 15. Bxg4 {Normal} 0-1

[Event "Rated Blitz game"]
[Site "?"]
[Date "2021.10.04"]
[Round "?"]
[White "Fanti1"]
[Black "Annali-annaliew1979"]
[Result "1-0"]
[WhiteElo "2515"]
[BlackElo "2431"]
[PlyCount "89"]
[EventDate "2021.??.??"]
[EventType "blitz"]

1. e4 e5 2. Nf3 d5 3. exd5 e4 4. Nd4 c5 5. Nb3 f5 6. d3 Nf6 7. dxe4 fxe4 8. c4
Bd6 9. Nc3 O-O 10. Bg5 Bf5 11. Qe2 Nbd7 12. O-O-O a6 13. h3 h6 14. Bxf6 Nxf6
15. Kb1 e3+ 16. Ka1 exf2 17. Qxf2 Ne4 18. Nxe4 Bxe4 19. Qe3 Re8 20. Qd2 b5 21.
Re1 Rb8 22. Bd3 bxc4 23. Bxe4 cxb3 24. a3 c4 25. Rhf1 Qh4 26. Bg6 Rxe1+ 27.
Rxe1 Qf6 28. Re6 Qf1+ 29. Re1 Qf6 30. Re6 Qf1+ 31. Bb1 Qf8 32. Qa5 c3 33. Qxc3
Bxa3 34. Rxa6 Bb4 35. Qxb3 Kh8 36. Qa2 Qf6 37. Rxf6 gxf6 38. Qc4 Bd6 39. Qe4
Rb7 40. Qe6 Ra7+ 41. Ba2 Be5 42. d6 Rb7 43. Qc8+ Kh7 44. Qxb7+ Kg6 45. d7 {
Normal} 1-0

[Event "Rated Blitz game"]
[Site "?"]
[Date "2021.10.04"]
[Round "?"]
[White "Valera200707"]
[Black "Annali-annaliew1979"]
[Result "0-1"]
[WhiteElo "2400"]
[BlackElo "2426"]
[PlyCount "120"]
[EventDate "2021.??.??"]
[EventType "blitz"]

1. e4 e5 2. Nf3 d5 3. exd5 e4 4. Qe2 f5 5. d3 Nf6 6. dxe4 fxe4 7. Nc3 Be7 8.
Nxe4 Nxe4 9. Qxe4 O-O 10. Be3 Bd6 11. O-O-O Bf5 12. Qc4 Nd7 13. Bd3 a6 14. Bxf5
Rxf5 15. h3 Qf8 16. Rhe1 h6 17. Qd3 Ne5 18. Nxe5 Rxe5 19. Bd4 Rf5 20. g4 Rf3
21. Be3 b5 22. Qe4 Re8 23. Qg6 Qf7 24. Qxf7+ Kxf7 25. Re2 Rxh3 26. Rde1 Rh2 27.
Bd4 Rxe2 28. Rxe2 Rg2 29. Re4 g5 30. Re6 Rxg4 31. Bc3 h5 32. Rf6+ Ke7 33. Rh6
h4 34. a3 Rg2 35. Rh7+ Kd8 36. Bf6+ Kc8 37. c3 a5 38. Bd4 a4 39. Rg7 h3 40. Rh7
h2 41. Kc2 g4 42. Kd3 Rg1 43. f3 h1=Q 44. Rxh1 Rxh1 45. fxg4 Rh4 46. Ke4 Rxg4+
47. Kf5 Rg2 48. Ke6 Rxb2 49. c4 bxc4 50. Bxb2 Kb7 51. Kf5 Kb6 52. Ke4 Kc5 53.
Bc3 Kb5 54. Bb2 c3 55. Bxc3 Bxa3 56. Kd3 Bc5 57. Be5 Bd6 58. Bd4 Kb4 59. Kc2
Kc4 60. Be5 Bxe5 {Normal} 0-1

[Event "Rated Blitz game"]
[Site "?"]
[Date "2021.10.04"]
[Round "?"]
[White "clnm08042015"]
[Black "khalid_ontawar"]
[Result "0-1"]
[WhiteElo "2457"]
[BlackElo "2466"]
[PlyCount "22"]
[EventDate "2021.??.??"]
[EventType "blitz"]

1. e4 e5 2. Nf3 d5 3. Bc4 dxc4 4. O-O Bg4 5. Qe2 Nc6 6. Qe3 Bxf3 7. Qxf3 Nf6 8.
Re1 Nd4 9. Qc3 b5 10. a4 c6 11. d3 a5 {Normal} 0-1

[Event "Rated Blitz game"]
[Site "?"]
[Date "2021.10.04"]
[Round "?"]
[White "OTourinho"]
[Black "Annali-annaliew1979"]
[Result "1-0"]
[WhiteElo "2309"]
[BlackElo "2435"]
[PlyCount "103"]
[EventDate "2021.??.??"]
[EventType "blitz"]

1. e4 e5 2. Nf3 d5 3. exd5 e4 4. Qe2 f5 5. Nc3 Nf6 6. d3 Bb4 7. dxe4 Bxc3+ 8.
bxc3 fxe4 9. Ne5 O-O 10. c4 Re8 11. Bb2 c6 12. Rd1 cxd5 13. cxd5 Qb6 14. Qb5
Nbd7 15. Qxb6 Nxb6 16. c4 Nbd7 17. Nxd7 Bxd7 18. Be2 b6 19. O-O Rac8 20. Rfe1
Ng4 21. Rd4 Nf6 22. Ba3 e3 23. f3 Bf5 24. Bc1 Nd7 25. Bf1 e2 26. Rxe2 Rxe2 27.
Bxe2 Re8 28. Kf2 Nc5 29. g4 Bg6 30. h4 h5 31. Be3 Rf8 32. Kg3 Re8 33. Kf2 Rf8
34. Rf4 Rc8 35. gxh5 Bxh5 36. Bd4 Re8 37. Rf5 g6 38. Re5 Rf8 39. Ke3 Nd7 40.
Re7 Rf7 41. Rxf7 Kxf7 42. Kf4 Nf8 43. Bd3 Nd7 44. Be4 Nb8 45. Ke5 Na6 46. Kd6
Nb4 47. a3 Na6 48. Kc6 Nb8+ 49. Kb7 Na6 50. Kxa6 g5 51. hxg5 Kg8 52. Kxa7 {
Time forfeit} 1-0

[Event "Rated Blitz game"]
[Site "?"]
[Date "2021.10.04"]
[Round "?"]
[White "SC_9ferzej"]
[Black "KamranShirazi"]
[Result "0-1"]
[WhiteElo "2456"]
[BlackElo "2594"]
[PlyCount "125"]
[EventDate "2021.??.??"]
[EventType "blitz"]

1. e4 e5 2. Nf3 d5 3. d3 dxe4 4. dxe4 Qxd1+ 5. Kxd1 Nc6 6. c3 Bc5 7. Be3 Bxe3
8. fxe3 Nh6 9. Bb5 Bd7 10. Ke2 O-O-O 11. Nbd2 Kb8 12. Bxc6 Bxc6 13. Nxe5 Bb5+
14. c4 Be8 15. Nef3 f6 16. Nd4 c5 17. Ne6 Bh5+ 18. Ke1 Rd3 19. Nf4 Rhd8 20.
Nxd3 Rxd3 21. Nf1 Ng4 22. Ke2 Ne5+ 23. Kf2 Nxc4 24. b3 Nd6 25. Ng3 Bg6 26. Rhd1
Rxd1 27. Rxd1 Kc7 28. Kf3 b5 29. Kf4 Bf7 30. e5 g5+ 31. Kf3 fxe5 32. e4 Be6 33.
Ke3 Kc6 34. Rf1 c4 35. b4 c3 36. a3 c2 37. Kd2 Bb3 38. Rf6 Kd7 39. Kc1 h5 40.
Nf5 Nxe4 41. Ra6 Nc3 42. Rxa7+ Ke6 43. Kb2 Ne2 44. Ng7+ Kf6 45. Nxh5+ Kg6 46.
Rc7 c1=Q+ 47. Rxc1 Nxc1 48. Ng3 Bd5 49. Kxc1 Bxg2 50. Kd2 Bd5 51. Ke3 g4 52.
Ne2 Kg5 53. Nc3 Bc6 54. a4 bxa4 55. b5 Bxb5 56. Nxb5 Kh4 57. Na3 Kh3 58. Ke4
Kxh2 59. Kxe5 g3 60. Kf4 g2 61. Nc4 g1=Q 62. Ne3 Qg3+ 63. Ke4 {Normal} 0-1

[Event "Rated Blitz game"]
[Site "?"]
[Date "2021.10.04"]
[Round "?"]
[White "totoff"]
[Black "sillierchess"]
[Result "0-1"]
[WhiteElo "2456"]
[BlackElo "2383"]
[PlyCount "80"]
[EventDate "2021.??.??"]
[EventType "blitz"]

1. e4 e5 2. Nf3 d5 3. d3 Bd6 4. Nbd2 f5 5. c3 Nf6 6. Qc2 O-O 7. Be2 Nc6 8. b4
d4 9. b5 dxc3 10. bxc6 cxd2+ 11. Nxd2 bxc6 12. Qxc6 Bd7 13. Qc4+ Kh8 14. exf5
Bxf5 15. Ne4 Rb8 16. Bd2 Qd7 17. O-O Be6 18. Qc2 Nd5 19. Rab1 Rbd8 20. Rfd1 Nf4
21. Bf1 Bd5 22. Be3 Qg4 23. f3 Qh5 24. a4 Rde8 25. Bxa7 Re6 26. Be3 Rh6 27. g3
Rg6 28. Bg2 Ne6 29. a5 Nd4 30. Bxd4 exd4 31. a6 Rh6 32. Bh1 Bxe4 33. dxe4 Bxg3
34. Rb2 Bf4 35. a7 Be3+ 36. Kf1 Rxf3+ 37. Bxf3 Qxf3+ 38. Qf2 Qxd1+ 39. Qe1 Rf6+
40. Kg2 Qf3# {Normal} 0-1

[Event "Rated Blitz game"]
[Site "?"]
[Date "2021.10.04"]
[Round "?"]
[White "templario77"]
[Black "ahoramahora"]
[Result "1-0"]
[WhiteElo "2565"]
[BlackElo "2405"]
[PlyCount "21"]
[EventDate "2021.??.??"]
[EventType "blitz"]

1. e4 e5 2. Nf3 d5 3. Nxe5 dxe4 4. Bc4 Nh6 5. d4 exd3 6. Bxh6 Be6 7. Bxe6 fxe6
8. Qh5+ g6 9. Qf3 Qe7 10. Bxf8 Rxf8 11. Qxb7 {Normal} 1-0

[Event "Rated Blitz game"]
[Site "?"]
[Date "2021.10.04"]
[Round "?"]
[White "oodoow"]
[Black "Lorian2514"]
[Result "0-1"]
[WhiteElo "2452"]
[BlackElo "2571"]
[PlyCount "56"]
[EventDate "2021.??.??"]
[EventType "blitz"]

1. e4 e5 2. Nf3 d5 3. Nxe5 Bd6 4. d4 dxe4 5. Nc4 Nf6 6. Be2 Nc6 7. c3 h6 8. O-O
O-O 9. f3 Bf5 10. Nbd2 exf3 11. Bxf3 Qd7 12. Nxd6 cxd6 13. Nc4 d5 14. Ne5 Nxe5
15. dxe5 Ne4 16. Be3 b6 17. Qe2 Rad8 18. Rad1 Qa4 19. a3 Bg6 20. Rd4 Qb3 21.
Rfd1 Rfe8 22. Bf4 f6 23. exf6 Nxf6 24. Qd2 Be4 25. Bxh6 gxh6 26. Qxh6 Kf7 27.
Bxe4 Rxe4 28. Rxe4 Qxd1+ {Normal} 0-1

[Event "Rated Blitz game"]
[Site "?"]
[Date "2021.10.04"]
[Round "?"]
[White "maninthewood"]
[Black "Annali-annaliew1979"]
[Result "1-0"]
[WhiteElo "2376"]
[BlackElo "2420"]
[PlyCount "47"]
[EventDate "2021.??.??"]
[EventType "blitz"]

1. e4 e5 2. Nf3 d5 3. Nxe5 Qe7 4. d4 f6 5. Nf3 dxe4 6. Nfd2 f5 7. Bc4 Nf6 8.
O-O Be6 9. Bxe6 Qxe6 10. c4 Qf7 11. Nc3 Nc6 12. d5 Ne5 13. b3 a6 14. Bb2 Nd3
15. Qc2 Nxb2 16. Qxb2 Bd6 17. Rfe1 O-O 18. Ne2 Qh5 19. h3 Rae8 20. Nd4 f4 21.
Ne6 f3 22. Nxe4 Nxe4 23. Rxe4 fxg2 24. Qxg7# {Normal} 1-0

[Event "Rated Blitz game"]
[Site "?"]
[Date "2021.10.04"]
[Round "?"]
[White "samqr33"]
[Black "Schachelite"]
[Result "1-0"]
[WhiteElo "2418"]
[BlackElo "2518"]
[PlyCount "41"]
[EventDate "2021.??.??"]
[EventType "blitz"]

1. e4 e5 2. Nf3 d5 3. Nxe5 Bd6 4. d4 dxe4 5. Nc4 Nf6 6. Nc3 O-O 7. Be3 Nc6 8.
Qd2 Bb4 9. a3 Bxc3 10. bxc3 Nd5 11. Bg5 f6 12. Bh4 Qe7 13. Ne3 Nxe3 14. fxe3
Na5 15. c4 Be6 16. Qxa5 b6 17. Qd2 c5 18. d5 Bg4 19. Be2 Bxe2 20. Qxe2 Qe5 21.
O-O {Normal} 1-0

[Event "Rated Blitz game"]
[Site "?"]
[Date "2021.10.04"]
[Round "?"]
[White "absh71"]
[Black "falejos"]
[Result "1-0"]
[WhiteElo "2411"]
[BlackElo "2288"]
[PlyCount "111"]
[EventDate "2021.??.??"]
[EventType "blitz"]

1. e4 e5 2. Nf3 d5 3. d3 dxe4 4. dxe4 Qxd1+ 5. Kxd1 f6 6. Nc3 Bc5 7. Nd5 Kd8 8.
Be3 Bxe3 9. Nxe3 c6 10. Bc4 Ne7 11. Ke2 Kc7 12. Rad1 Nd7 13. Nh4 Nc5 14. f3 b5
15. Bf7 Rf8 16. Bb3 Nxb3 17. axb3 g6 18. g4 Be6 19. Nhg2 Rfd8 20. h4 Rxd1 21.
Nxd1 a5 22. Nc3 h6 23. Ne3 Rd8 24. Ra1 Kb6 25. Ncd1 b4 26. Nf2 Kb5 27. Nd3 c5
28. g5 hxg5 29. hxg5 fxg5 30. Nxe5 Rh8 31. Rg1 Rh2+ 32. Rg2 Rxg2+ 33. Nxg2 c4
34. bxc4+ Bxc4+ 35. Kd2 Be6 36. Ne3 a4 37. c4+ bxc3+ 38. Kxc3 Bb3 39. N3g4 Bd1
40. Nf6 Nc6 41. Nxc6 Kxc6 42. Nh7 Bxf3 43. Nxg5 Bd1 44. Kd4 Kd6 45. e5+ Ke7 46.
Ne4 Bc2 47. Nc3 g5 48. Nd5+ Ke6 49. Ne3 Bb1 50. Ng4 Kf5 51. Nh6+ Ke6 52. Ng8
Bf5 53. Nf6 g4 54. Nd5 g3 55. Ne3 g2 56. Nxg2 {Time forfeit} 1-0

[Event "Rated Blitz game"]
[Site "?"]
[Date "2021.10.04"]
[Round "?"]
[White "Eremeev"]
[Black "KamranShirazi"]
[Result "0-1"]
[WhiteElo "2356"]
[BlackElo "2532"]
[PlyCount "72"]
[EventDate "2021.??.??"]
[EventType "blitz"]

1. e4 e5 2. Nf3 d5 3. Nxe5 Bd6 4. d4 dxe4 5. Bc4 Bxe5 6. dxe5 Qxd1+ 7. Kxd1
Bg4+ 8. Ke1 Nc6 9. Bf4 Nd4 10. Bb3 O-O-O 11. Nc3 f5 12. exf6 Nxf6 13. h3 Bh5
14. g4 Bg6 15. Be3 Nxb3 16. axb3 a6 17. Ke2 h5 18. g5 Nd7 19. Bd4 h4 20. Bxg7
Bh5+ 21. Ke3 Rhg8 22. Bd4 Rxg5 23. Rhg1 Rf5 24. Kxe4 Rdf8 25. Be3 Bf3+ 26. Kd4
Rd8 27. Kc4 c5 28. b4 b5+ 29. Kb3 cxb4 30. Kxb4 Kb7 31. Rg5 Rxg5 32. Bxg5 Rc8
33. Bxh4 Rc4+ 34. Kb3 Rxh4 35. Re1 Nc5+ 36. Ka2 b4 {Normal} 0-1